IDENTISICATION OF DRUGS IN PHARMACEULITICAL FOR MULATIONS (Record no. 7373)

MARC details
000 -LEADER
fixed length control field 00357nam a2200145Ia 4500
008 - FIXED-LENGTH DATA ELEMENTS--GENERAL INFORMATION
fixed length control field 150301s2015 xx 000 0 und d
082 ## - DEWEY DECIMAL CLASSIFICATION NUMBER
Classification number 615.1
Item number I14S
100 ## - MAIN ENTRY--PERSONAL NAME
Personal name SETHI , P.D
245 ## - TITLE STATEMENT
Title IDENTISICATION OF DRUGS IN PHARMACEULITICAL FOR MULATIONS
250 ## - EDITION STATEMENT
Edition statement 2DN
260 ## - PUBLICATION, DISTRIBUTION, ETC. (IMPRINT)
Name of publisher, distributor, etc. CBS- DELHI
300 ## - PHYSICAL DESCRIPTION
Extent 253
650 ## - SUBJECT ADDED ENTRY--TOPICAL TERM
Topical term or geographic name as entry element PHARMACEUTICS
942 ## - ADDED ENTRY ELEMENTS (KOHA)
Source of classification or shelving scheme Dewey Decimal Classification
Koha item type Books
Holdings
Withdrawn status Lost status Source of classification or shelving scheme Damaged status Not for loan Collection code Home library Current library Shelving location Date acquired Source of acquisition SGTU Full call number Barcode Date last seen Bill Date Koha item type
    Dewey Decimal Classification     PHARMACY SGT FA-FP Library SGT FA-FP Library Reference Book 02/07/2015 ABC-DELHI SGTU 615.1 I14S FP1432 02/07/2015 02/07/2015 Books